000 00353nam a2200157Ia 4500
003 OSt
005 20260518142429.0
008 241002s9999 xx 000 0 und d
040 _cAACR2
082 _a973.32 PAT
100 _aPatman, Wrigth
245 0 _aOur American Government
260 _aNew York:
_c1957
600 _aHistory
942 _cUC
_2ddc
999 _c18580
_d18580